header

Orpheus in the marketplace : (Record no. 135426)

MARC details
000 -LEADER
fixed length control field 02377nam a2200493 i 4500
001 - CONTROL NUMBER
control field ebr10787425
003 - CONTROL NUMBER IDENTIFIER
control field CaPaEBR
006 - FIXED-LENGTH DATA ELEMENTS--ADDITIONAL MATERIAL CHARACTERISTICS--GENERAL INFORMATION
fixed length control field m o d
007 - PHYSICAL DESCRIPTION FIXED FIELD--GENERAL INFORMATION
fixed length control field cr cn|||||||||
008 - FIXED-LENGTH DATA ELEMENTS--GENERAL INFORMATION
fixed length control field 131105s2013 maua ob 001 0beng d
020 ## - INTERNATIONAL STANDARD BOOK NUMBER
Cancelled/invalid ISBN 9780674724648
International Standard Book Number 9780674726574 (e-book)
040 ## - CATALOGING SOURCE
Original cataloging agency CaPaEBR
Language of cataloging eng
Description conventions rda
-- pn
Transcribing agency CaPaEBR
035 ## - SYSTEM CONTROL NUMBER
System control number (OCoLC)899045265
043 ## - GEOGRAPHIC AREA CODE
Geographic area code e-it---
050 14 - LIBRARY OF CONGRESS CALL NUMBER
Classification number ML410.P292
Item number .C378 2013eb
082 04 - DEWEY DECIMAL CLASSIFICATION NUMBER
Classification number 782.1092
Edition number 23
100 1# - MAIN ENTRY--PERSONAL NAME
Personal name Carter, Tim,
Dates associated with a name 1954-
245 10 - TITLE STATEMENT
Title Orpheus in the marketplace :
Remainder of title Jacopo Peri and the economy of late renaissance Florence /
Statement of responsibility, etc Tim Carter, Richard A. Goldthwaite.
264 #1 - PRODUCTION, PUBLICATION, DISTRIBUTION, MANUFACTURE, AND COPYRIGHT NOTICE
Place of production, publication, distribution, manufacture Cambridge, Massachusetts :
Name of producer, publisher, distributor, manufacturer Harvard University Press,
Date of production, publication, distribution, manufacture, or copyright notice 2013.
Date of production, publication, distribution, manufacture, or copyright notice �2013
300 ## - PHYSICAL DESCRIPTION
Extent 1 online resource (496 pages) :
Other physical details illustrations.
336 ## - CONTENT TYPE
Content type term text
Source rdacontent
337 ## - MEDIA TYPE
Media type term computer
Source rdamedia
338 ## - CARRIER TYPE
Carrier type term online resource
Source rdacarrier
440 #0 - SERIES STATEMENT/ADDED ENTRY--TITLE
Title I Tatti studies in Italian Renaissance history
504 ## - BIBLIOGRAPHY, ETC. NOTE
Bibliography, etc Includes bibliographical references and index.
588 ## - SOURCE OF DESCRIPTION NOTE
Source of description note Description based on print version record.
590 ## - LOCAL NOTE (RLIN)
Local note Electronic reproduction. Palo Alto, Calif. : ebrary, 2013. Available via World Wide Web. Access may be limited to ebrary affiliated libraries.
600 10 - SUBJECT ADDED ENTRY--PERSONAL NAME
Personal name Peri, Jacopo,
Dates associated with a name 1561-1633.
Personal name Peri, Jacopo,
Dates associated with a name 1561-1633
General subdivision Finance, Personal.
650 #0 - SUBJECT ADDED ENTRY--TOPICAL TERM
Topical term or geographic name as entry element Composers
Geographic subdivision Italy
Form subdivision Biography.
Topical term or geographic name as entry element Composers
Geographic subdivision Italy
-- Florence
General subdivision Economic conditions
Chronological subdivision 16th century.
Topical term or geographic name as entry element Composers
Geographic subdivision Italy
-- Florence
General subdivision Economic conditions
Chronological subdivision 17th century.
Topical term or geographic name as entry element Finance, Personal
Geographic subdivision Italy
-- Florence
General subdivision History
Chronological subdivision 16th century.
Topical term or geographic name as entry element Finance, Personal
Geographic subdivision Italy
-- Florence
General subdivision History
Chronological subdivision 17th century.
651 #0 - SUBJECT ADDED ENTRY--GEOGRAPHIC NAME
Geographic name Florence (Italy)
General subdivision Economic conditions
Chronological subdivision 16th century.
Geographic name Florence (Italy)
General subdivision Economic conditions
Chronological subdivision 7th century.
655 #0 - INDEX TERM--GENRE/FORM
Genre/form data or focus term Electronic books.
700 1# - ADDED ENTRY--PERSONAL NAME
Personal name Goldthwaite, Richard A.
776 08 - ADDITIONAL PHYSICAL FORM ENTRY
Display text Print version:
Main entry heading Carter, Tim, 1954-
Title Orpheus in the marketplace : Jacopo Peri and the economy of late renaissance Florence.
Place, publisher, and date of publication Cambridge, Massachusetts : Harvard University Press, c2013
Physical description viii, 479 pages
Series data for related item I Tatti studies in Italian Renaissance history.
International Standard Book Number 9780674724648
Record control number 2013001710
797 2# - LOCAL ADDED ENTRY--CORPORATE NAME (RLIN)
Corporate name or jurisdiction name as entry element ebrary.
856 40 - ELECTRONIC LOCATION AND ACCESS
Uniform Resource Identifier <a href="http://site.ebrary.com/lib/rucke/Doc?id=10787425">http://site.ebrary.com/lib/rucke/Doc?id=10787425</a>
Public note An electronic book accessible through the World Wide Web; click to view

No items available.

© 2026 Rongo University
Contact us: librarian | system librarian | Rongo university